Doing business in United Arab Emirates.

Bibliographic Details
Corporate Author: Construction Industry Development Board Malaysia
Format: Book
Published: Kuala Lumpur: Lembaga Pembangunan Industri Pembinaan Malaysia, 2007.
Subjects:
LEADER 00615cam a2200169 7i4500
001 0000021112
005 20080421090000.0
090 0 0 |a UAE 338.7   |b CON 
110 2 0 |a Construction Industry Development Board Malaysia 
245 2 0 |a Doing business in United Arab Emirates. 
260 0 0 |a Kuala Lumpur:   |b Lembaga Pembangunan Industri Pembinaan Malaysia,   |c 2007. 
300 # # |a 10 p. 
650 0 0 |a Business --   |z United Arab Emirates  
650 0 0 |a Doing business --   |z United Arab Emirates  
650 0 0 |a Taxation --   |z United Arab Emirates  
651 0 0 |a United Arab Emirates  
999 |a 0000021532  |b Book  |c Countries  |e Business Information Centre